000 00887nmm a2200277 a 4500
001 ocm000651435
003 TR-IsHL
005 20201028142102.0
008 140104s2007 tu tur
007 cr cn
020 _a9789753850162
035 _a651435
_b(N$T)
050 0 4 _aPG3464.T9
_bB46 2007
090 0 4 _aPG3464.T9
_bB46 2007
100 1 _aGorki, Maksim
245 1 0 _aBenim üniversitelerim
_h[electronic resource] /
_cMaksim Gorki ; çev. Gülen Aktaş
260 _aİstanbul :
_bOda Yayınları,
_c2007
300 _a176 p.
650 4 _aDil ve Edebiyat
650 4 _aLanguage and Literature
650 0 _aRus romanı
650 0 _aRussian fiction
650 7 _aLITERARY COLLECTIONS / Russian & Former Soviet Union
_2bisacsh
700 1 _aAktaş, Gülen
856 4 0 _uhttp://search.ebscohost.com/login.aspx?direct=true&scope=site&db=e011xww&AN=651435
999 _c8161
_d8161